[Event "GER-ch Youth U16 2020"]
[Site "Willingen"]
[Date "2020.10.24"]
[Round "7.4"]
[White "Fromm, Marius"]
[Black "Müller, Magnus"]
[Result "1-0"]
[WhiteElo "2190"]
[BlackElo "2030"]
[Annotator "TA"]
[PlyCount "83"]
[EventDate "2020.10.20"]
[EventType "swiss"]
[EventRounds "7"]
[EventCountry "GER"]
[SourceTitle "playchess.com"]
[Source "ChessBase"]
[SourceQuality "1"]

{[%evp 9,83,10,8,8,31,33,20,17,10,18,26,0,0,10,0,0,0,0,0,4,12,0,25,10,16,2,16,20,114,46,51,-10,-2,-12,54,36,36,17,43,-34,0,-29,0,-21,-28,-59,-42,-31,-22,-48,-44,-26,12,-53,-50,-212,-186,-600,-177,-191,353,335,511,488,499,481,670,403,489,370,470,466,1489,1418,1343,1275]} 1. e4 c5 2. Nf3 d6 3. Bb5+ Nd7 4. Ba4 Ngf6 5. O-O a6 {White must now prevent ...b5.} 6. c4 {B51: Sicilian: Moscow Variation (3 Bb5+) without 3...Bd7.} g6 7. Nc3 Bg7 8. d4 {The position is equal.} cxd4 9. Nxd4 O-O 10. h3 Nb6 11. Bb3 {[#]} e5 $146 ({Predecessor:} 11... Nfd7 12. Be3 Nc5 13. Qe2 Nxb3 14. axb3 Nd7 15. Rfd1 Rb8 16. b4 e6 17. c5 dxc5 18. bxc5 {½-½ (37) Rupprecht,A (2390)-Meissner,F (2377) Germany 2019}) 12. Nc2 Be6 13. Qe2 Rc8 {[%cal Rb6c4]} 14. Ne3 Qc7 {[%cal Rb6c4]} 15. Ned5 Bxd5 16. cxd5 Nc4 17. Bc2 b5 18. Bd3 Qa5 (18... Nd7 $11 {keeps the balance.}) 19. Nb1 (19. a4 $16) 19... Qc7 20. b3 ({White should play} 20. a4 $14) 20... Nb6 $11 21. Bb2 Qd7 (21... Nh5 $11) 22. Qe3 Qb7 23. Nd2 Nh5 24. g3 (24. a4 $14) 24... f5 (24... Nf4 $5) 25. Kh2 Nf6 (25... Nf4 $5) 26. exf5 Nfxd5 27. Qg5 Nb4 28. Bb1 $1 Nc2 $36 {[%mdl 2048] Black is more active.} 29. fxg6 h6 30. Qg4 Qd5 31. Bxc2 ({Better is} 31. Qe2 $11) 31... Rxc2 $15 32. Bc1 $2 (32. Ne4 $1 $15 Rxb2 33. Rad1) 32... e4 $1 $19 ({And not} 32... Rxd2 33. Bxd2 Qxd2 34. Qe6+ Kh8 35. Kg1 $11) 33. Rb1 $2 {[#]} (33. Nxe4 Bxa1 34. Bxh6) 33... h5 $2 ({Weaker is} 33... Rxd2 34. Bxd2 Qxd2 35. Qe6+ Kh8 36. Kg1 $11) (33... e3 $1 {[%mdl 512]} 34. Ne4 {[#]} (34. fxe3 Rxf1) 34... Nd7 $1 {[%mdl 512]}) 34. Qe2 Qd3 $4 {[%mdl 8192]} (34... h4 $19 {avoids the disaster. Threatens to win with ...hxg3+.} 35. g4 Rf4) 35. Qxh5 $18 {[%csl Gg6][%cal Rh5h7]} Rfc8 (35... Rf6 $142 36. Bb2 Rxb2 37. Rxb2 Nd7) 36. Bb2 Rxb2 37. Rxb2 Rc5 38. Qh7+ Kf8 {If only Black now had time for ...Rf5....} 39. Rfb1 Rf5 40. Nf1 {aiming for Ne3.White is clearly winning.} Bxb2 (40... Qf3 $142 41. g4 Rc5) 41. Rxb2 {g7+ would kill now.} Qd4 {[#]} 42. g7+ $1 {[%mdl 64] Discovered Attack. Av CentiPawn Loss W=-40/B=-79. Weighted=-32/-120} 1-0

[Event "GER-ch Youth U16 2020"]
[Site "Willingen"]
[Date "2020.10.24"]
[Round "7.5"]
[White "Dobrikov, Marco"]
[Black "Pubantz, Jan"]
[Result "0-1"]
[WhiteElo "2332"]
[BlackElo "2295"]
[Annotator "TA"]
[PlyCount "132"]
[EventDate "2020.10.20"]
[EventType "swiss"]
[EventRounds "7"]
[EventCountry "GER"]
[SourceTitle "playchess.com"]
[Source "ChessBase"]
[SourceQuality "1"]

{[%evp 10,132,28,16,35,33,18,17,35,32,26,11,8,8,22,-9,53,6,16,-8,-9,-15,-4,-16,-13,-13,-12,-3,-5,-57,-50,-57,-60,-56,-44,-73,-45,-72,-52,-67,-29,-34,-39,-43,-38,-41,-47,-47,-34,-33,-23,-22,-23,-16,188,188,188,185,177,184,167,45,43,21,21,26,52,30,30,-145,0,0,52,52,52,52,52,4,12,14,12,0,0,0,0,0,0,0,0,0,0,-8,0,0,0,-8,-8,-12188,-3440,-29964,-29968,-6103,-5089,-29979,-29980,-29986,-29978,-29980,-29981,-29981,-29981,-29981,-29980,-29979,-29981,-29981,-29982,-29982,-29983,-29983,-29984,-29984,-29985,-29985,-29986]} 1. e4 c6 2. Nc3 d5 3. Nf3 dxe4 4. Nxe4 Nf6 5. Qe2 Nxe4 6. Qxe4 Nd7 {B11: Caro-Kann: Two Knights Variation.} 7. Bc4 Nf6 8. Ne5 {[%csl Ge5][%cal Rc4f7]} e6 {The position is equal.} 9. Qe2 b5 10. Bb3 Qc7 11. d4 Bd6 12. a4 {[#]} a6 $146 (12... O-O $11) ({Predecessor:} 12... O-O 13. axb5 cxb5 14. Qxb5 a5 15. Qc6 Qxc6 16. Nxc6 Bb7 17. Ne5 Bxg2 18. Rg1 Be4 {½-½ (38) Karthikeyan,M (2606)-Rahul,S (2457) chess.com INT 2020}) 13. Bf4 O-O 14. Bg3 Bb7 15. O-O c5 16. axb5 axb5 ({Don't play} 16... cxd4 $6 17. Nxf7 $1 {[%mdl 512]} Bxg3 18. fxg3 $16) 17. Rxa8 Bxa8 18. dxc5 Qxc5 19. Ra1 (19. Nd3 $11 Qg5 20. Ra1) 19... Ne4 $1 $15 {[%cal Re4g3]} 20. Nd3 Nxg3 21. hxg3 Qc6 {[%csl Ga8][%cal Rc6g2]} 22. Ne1 Bb7 23. Nf3 Be7 24. c3 Ra8 25. Rd1 Bf6 26. Qd2 g6 27. Qf4 Kg7 28. g4 g5 29. Qe3 Qe4 30. Qb6 Rb8 31. Qc7 Qxg4 $2 (31... Rc8 $11 32. Qd7 Rd8 33. Qxb5 Bc6) 32. Bxe6 $1 $18 Qxe6 33. Qxb8 Bxf3 34. gxf3 $11 {[%mdl 4096] Endgame KQR-KQB} Qe2 35. Qd6 (35. Rd5 $18) 35... Qxb2 $14 36. Rd3 Bxc3 37. Kg2 Be5 38. Qe7 {[%mdl 1024] White has compensation.} Bf6 39. Qb7 $2 (39. Qc5 $11) 39... b4 ({Better is} 39... Bd4 $17 40. Rxd4 Qxd4 41. Qxb5 Qf6) 40. Rd7 $11 {And now Qd5 would win.} Qb3 (40... Bd4 $1 $11 41. Qd5 (41. Rxf7+ $2 Kg6 $19) 41... Qxf2+ 42. Kh3 Qh4+ 43. Kg2 Qf2+ 44. Kh3 Qh4+ 45. Kg2 Qf2+) 41. Qe4 $14 h6 42. Rb7 Bc3 43. Rb6 Qa2 44. Qc6 Qe6 $1 45. Qxe6 (45. Qc7 {keeps more tension.} Qe5 46. Qc8 Qf4 47. Qh3 Qh4 48. Qxh4 gxh4 49. Kh3) 45... fxe6 46. Rxe6 $11 {KR-KB} b3 47. Rb6 b2 {[#]} 48. f4 $1 {[%mdl 512]} gxf4 49. Kf3 Bd4 50. Rb4 Kg6 {aiming for ...Kf5.} 51. Rb5 h5 52. Kg2 Kf6 {Black wants to play ...Be5.} 53. f3 $2 {[%mdl 8192]} (53. Kf3 $11) 53... Ke6 (53... Ke7 $142 54. Kh3 Bf6) 54. Kh3 {[#]} Bf6 $1 55. Kg2 Kd6 56. Kf2 Kc6 {Black mates.} 57. Rb8 Kc5 58. Ke2 h4 59. Kf2 Bc3 60. Rc8+ Kd5 61. Rd8+ Kc4 62. Rd1 Kb3 63. Kg2 Kc2 64. Rf1 b1=Q 65. Rxb1 Kxb1 66. Kh3 Be1 {Never resign too early! Av CentiPawn Loss W=342/B=-43. Weighted=49/-47} 0-1

[Event "GER-ch Youth U16 2020"]
[Site "Willingen"]
[Date "2020.10.24"]
[Round "7.6"]
[White "Weihrauch, Jakob"]
[Black "Sulayev, Daniel"]
[Result "1/2-1/2"]
[WhiteElo "2184"]
[BlackElo "2193"]
[Annotator "TA"]
[PlyCount "49"]
[EventDate "2020.10.20"]
[EventType "swiss"]
[EventRounds "7"]
[EventCountry "GER"]
[SourceTitle "playchess.com"]
[Source "ChessBase"]
[SourceQuality "1"]

{[%evp 17,49,25,33,33,28,29,27,32,21,25,25,25,34,26,31,26,36,23,36,30,21,22,27,39,61,56,55,56,60,34,32,34,41,50]} 1. e4 c5 2. Nf3 Nc6 3. d4 cxd4 4. Nxd4 e5 5. Nb5 d6 6. c4 Be7 7. N1c3 a6 8. Na3 f5 9. exf5 Bxf5 10. Nc2 {B32: Sicilian: Löwenthal and Kalashnikov Variations.} Nf6 11. Ne3 Be6 12. Bd3 {White has an edge.} O-O 13. O-O Qd7 14. Ne4 Nd4 {[#]} 15. Nxf6+ $146 ({Predecessor:} 15. Ng5 b5 16. b3 Bd8 17. Bb2 Bb6 18. Rc1 h6 19. Nxe6 Qxe6 20. Kh1 bxc4 21. Nxc4 {1-0 (34) Arakhamia Grant,K (2425)-Kosintseva,T (2373) Varna 2002}) 15... Bxf6 16. Be4 Rac8 17. Qd3 g6 18. Nd5 b5 19. b3 {[%cal Bb2b3,Bb3c4][%mdl 32]} bxc4 20. bxc4 Rb8 {White is slightly better.} 21. Ba3 Bg7 22. Rab1 Kh8 23. Rxb8 Rxb8 24. Rb1 Qd8 25. h3 {Av CentiPawn Loss W=-1/B=-3. Weighted=-2/-2} 1/2-1/2

[Event "GER-ch Youth U16 2020"]
[Site "Willingen"]
[Date "2020.10.24"]
[Round "7.7"]
[White "Lohvinov, Petro"]
[Black "Reimer, Philip"]
[Result "1-0"]
[WhiteElo "2152"]
[BlackElo "1984"]
[Annotator "TA"]
[PlyCount "111"]
[EventDate "2020.10.20"]
[EventType "swiss"]
[EventRounds "7"]
[EventCountry "GER"]
[SourceTitle "playchess.com"]
[Source "ChessBase"]
[SourceQuality "1"]

{[%evp 25,111,23,30,22,15,15,24,0,14,14,41,0,17,4,24,19,56,50,50,52,43,0,0,0,8,6,41,19,27,26,21,0,0,-32,0,0,0,-10,14,0,0,0,24,24,65,58,85,86,96,90,272,265,280,289,271,244,284,62,62,62,62,0,0,0,0,0,0,0,12844,12844,12845,12845,12845,12846,12846,12847,27999,27999,27998,27998,27998,27998,27999,27999,27999,27999,27999,27999]} 1. e4 c5 2. Nf3 Nc6 3. d4 cxd4 4. Nxd4 Nf6 5. Nc3 e5 6. Ndb5 d6 7. Bg5 a6 8. Na3 b5 9. Nd5 Be7 10. Bxf6 Bxf6 11. c3 O-O 12. Nc2 Rb8 13. h4 g6 14. h5 {B33: Sicilian: Pelikan and Sveshnikov Variations.} Bg5 15. Be2 Be6 16. a3 {White has an edge.} Ne7 17. Ncb4 Nxd5 18. Nxd5 {[#]} (18. exd5 $5 {[%cal Rb4c6]} Bd7 19. Nxa6 $14) 18... Qd7 $146 ({Predecessor:} 18... Kg7 19. Bg4 a5 20. Bh3 Bh6 21. g3 Rb7 22. Qd3 Bxh3 23. Rxh3 Qc8 24. Rh2 Qg4 {½-½ (49) Jasny,S (2347)-Mudrak,J (2344) Czechia 2010}) 19. Qd3 Kg7 20. Rd1 f5 21. hxg6 hxg6 22. exf5 ({But not} 22. Qh3 $2 Rh8 $19) 22... Bxd5 23. Qh3 (23. Qxd5 {feels hotter.} Qxf5 24. Bf3 Rf7 25. Qe4 Rd8 26. O-O) 23... Qxf5 ({Wrong is} 23... Rh8 $2 24. f6+ $1 {[%mdl 512]} Kxf6 25. Qxd7 $18) 24. Qxf5 gxf5 25. Rxd5 Be7 26. Kd2 Rh8 27. Rxh8 Rxh8 $11 {[%mdl 4096] Endgame KRB-KRB} 28. a4 bxa4 29. Ra5 Rh2 30. Bf1 Rh4 31. Rxa6 Kf7 32. g3 Rh2 33. Bc4+ Kf6 34. Ke2 Kg5 35. Bd5 Rh8 36. Rxa4 Rb8 37. b4 Rb6 $2 (37... e4 $16) 38. c4 $18 e4 39. b5 Bf6 40. Ke3 Rb8 41. Ra8 $2 (41. Ra6 $18) 41... Rxa8 $14 42. Bxa8 {KB-KB} Bd8 {[#]} 43. Bxe4 $1 {[%mdl 512]} Bb6+ $11 (43... fxe4 44. Kxe4) 44. Kf3 fxe4+ 45. Kxe4 Bxf2 {KB-K3P} 46. Kd5 Kf6 $2 {[%mdl 8192] [#]} (46... Bc5 $11) 47. g4 $1 $18 Bc5 48. Kc6 Ke5 {[#]} 49. g5 $1 ({Stronger than} 49. b6 Bxb6 50. Kxb6 d5 $11) 49... Kf5 50. b6 {[%cal Bb5b6,Bb6b7][%mdl 32]} Kxg5 {KB-KPP} 51. b7 {White mates.} Ba7 52. Kxd6 Kf5 53. c5 Bb8+ 54. Kd7 Ke5 55. c6 Kd5 56. c7 {Av CentiPawn Loss W=-12/B=-60. Weighted=-14/-73} 1-0

[Event "GER-ch Youth U16 2020"]
[Site "Willingen"]
[Date "2020.10.24"]
[Round "7.8"]
[White "Nguyen, Alex Dac-Vuong"]
[Black "Hommel, Niclas"]
[Result "1/2-1/2"]
[WhiteElo "2343"]
[BlackElo "2047"]
[Annotator "TA"]
[PlyCount "65"]
[EventDate "2020.10.20"]
[EventType "swiss"]
[EventRounds "7"]
[EventCountry "GER"]
[SourceTitle "playchess.com"]
[Source "ChessBase"]
[SourceQuality "1"]

{[%evp 13,65,10,14,0,0,15,10,7,0,10,39,10,12,6,18,15,168,37,45,37,59,24,24,24,33,8,25,24,79,88,89,99,97,77,75,77,87,74,84,89,72,85,96,86,106,111,158,95,174,154,160,0,0,-8]} 1. e4 c5 2. Nf3 d6 3. d4 cxd4 4. Nxd4 Nf6 5. f3 e5 6. Nb3 Be6 7. c4 Nbd7 ({Of course not} 7... Nxe4 $6 8. fxe4 Qh4+ 9. Kd2 $16) 8. Nc3 $1 {[%mdl 4] is currently scoring better than 8.Be3. B55: Sicilian: 2...d6 3 d4 cxd4 4 Nxd4 Nf6 5 f3.} Rc8 9. Be3 Bxc4 10. Bxc4 Rxc4 11. Qd3 Rc6 12. g4 {[%mdl 1024] White has compensation.} Be7 13. O-O-O a6 14. Kb1 {[#]} b5 $146 {[#]} (14... Nc5 $11 {and Black has nothing to worry.} 15. Nxc5 dxc5) ({Predecessor:} 14... O-O 15. h4 b5 16. g5 Nh5 17. Nd5 Re8 18. Qd2 Nc5 19. Qg2 Nxb3 20. axb3 Bf8 {1-0 (32) Perez Candelario,M (2612)-Gomez Garrido,C (2479) chess24.com INT 2020}) 15. h4 (15. g5 $18) 15... b4 16. Nd5 $36 {[%mdl 2048] White is pushing.} Nxd5 17. exd5 (17. Qxd5 {is more complex.} Rc8 18. Na5 Qc7 19. Rc1 Nc5 20. Nc4) 17... Rc8 $1 18. Qxa6 O-O ({Much worse is} 18... Qc7 $6 19. Rc1 $16) 19. Rc1 Ra8 20. Qb5 f5 (20... Nf6 $11 {remains equal.}) 21. g5 $16 Rb8 22. Qa4 Rf7 23. Rc6 Bf8 24. Rhc1 f4 25. Bf2 e4 26. fxe4 Ne5 27. R6c2 Nd3 28. Rd1 Nxf2 29. Rxf2 Qb6 30. Rf3 (30. Nd4 $142) 30... Rc8 (30... Re7 $16 {was necessary.}) 31. Qa5 $18 Qb7 {[#] White must now prevent ...Ra8.} 32. Rd4 $2 (32. Nd4 $1 $16) 32... Qd7 $1 $11 {[%cal Rd7g4] White should prevent ...Qg4.} 33. Qa6 {Av CentiPawn Loss W=-17/B=-19. Weighted=-21/-21} 1/2-1/2

[Event "GER-ch Youth U16 2020"]
[Site "Willingen"]
[Date "2020.10.24"]
[Round "7.9"]
[White "Pahl, Erik"]
[Black "Skabs, Denis"]
[Result "1/2-1/2"]
[WhiteElo "2097"]
[BlackElo "1875"]
[Annotator "TA"]
[PlyCount "68"]
[EventDate "2020.10.20"]
[EventType "swiss"]
[EventRounds "7"]
[EventCountry "GER"]
[SourceTitle "playchess.com"]
[Source "ChessBase"]
[SourceQuality "1"]

{[%evp 14,68,40,35,27,37,39,37,39,-24,28,28,50,58,54,52,46,64,56,53,53,5,5,5,5,5,5,8,33,16,28,0,34,0,19,0,0,-114,-114,-122,-115,-122,-119,-129,-147,-137,-133,-171,0,0,0,0,0,0,0,-2,0]} 1. e4 e5 2. Nf3 Nc6 3. Bb5 Nge7 4. O-O g6 5. c3 Bg7 6. d4 exd4 7. cxd4 a6 8. Ba4 b5 {C60: Ruy Lopez: Unusual Black 3rd moves and 3...g6.} 9. Bc2 d6 10. d5 Na5 {White is slightly better.} 11. Nbd2 ({White should try} 11. Re1 $14) 11... O-O (11... c6 $142) 12. Rb1 $11 c6 13. b4 Nc4 14. Nxc4 bxc4 15. dxc6 $1 Nxc6 16. Qd5 {[%mdl 64] Double Attack} Qc7 17. Bf4 {[#]} ({Much worse is} 17. Qxc4 Be6 $17) 17... Be6 $146 ({Predecessor:} 17... Rd8 18. Ba4 Bb7 19. Qxc4 Rac8 20. Rfc1 Qb8 21. Qe2 Qa8 22. Rc4 Ne5 23. Bxe5 Rxc4 24. Bxg7 Bxe4 25. Qxc4 Bxb1 26. Bb2 Qe4 27. Qc3 {1-0 (27) Popilski,G (2451)-Miedema,D (2414) Enschede 2010}) 18. Qxd6 Qxd6 19. Bxd6 Rfd8 20. Bc5 Rab8 21. a3 c3 22. Rfd1 Bc4 23. Ne1 Be2 24. Rd5 Nd4 25. f3 (25. Bxd4 $11 Bxd4 26. Nf3 Rxd5 27. exd5) 25... Nxc2 $17 26. Nxc2 Bc4 $1 27. Rxd8+ Rxd8 28. Be3 Ba2 {[%mdl 1024] Black has strong compensation.} 29. Rc1 Bb3 30. Kf2 {[#]} Rd3 $2 (30... Rd2+ $1 $19 {[%mdl 512]} 31. Bxd2 cxd2) 31. Ke2 $11 {The position is equal.} Bc4 {Threatens to win with ...Rd2+.} 32. Kf2 Bb3 33. Ke2 Bc4 {aiming for ...Rd2+.} 34. Kf2 Bb3 {Av CentiPawn Loss W=-13/B=-11. Weighted=-13/-14} 1/2-1/2

[Event "GER-ch Youth U16 2020"]
[Site "Willingen"]
[Date "2020.10.24"]
[Round "7.10"]
[White "Lohr, Maximilian"]
[Black "Hinrichs, Paul"]
[Result "0-1"]
[WhiteElo "2108"]
[BlackElo "2168"]
[Annotator "TA"]
[PlyCount "122"]
[EventDate "2020.10.20"]
[EventType "swiss"]
[EventRounds "7"]
[EventCountry "GER"]
[SourceTitle "playchess.com"]
[Source "ChessBase"]
[SourceQuality "1"]

{[%evp 12,122,19,24,11,19,26,27,57,46,52,16,21,16,62,70,83,83,109,89,152,118,116,111,102,0,0,0,0,-68,-60,-62,-26,-9,-18,-9,-24,-33,-41,-108,-101,-110,-32,-123,-117,-129,-127,-139,37,24,43,43,40,0,0,0,58,31,140,0,0,0,0,0,0,0,8,8,8,8,8,8,8,8,8,0,0,0,0,0,0,0,0,-41,-55,-1111,-1042,-802,-600,-29979,-29979,-29972,0,0,0,-29979,-29980,-29977,-29981,-29981,-29982,-29981,-29983,-29983,-29984,-29984,-29985,-29985,-29986,-29986,-29987,-29987,-29988]} 1. e4 e5 2. Nf3 Nc6 3. d4 exd4 4. Nxd4 Bb4+ 5. c3 Bc5 6. Be3 Bb6 7. Nf5 Bxe3 {C45: Scotch Game.} 8. Nxe3 d6 9. c4 Nge7 {White has an edge.} 10. Nc3 O-O {[#]} 11. f3 $146 ({Predecessor:} 11. Be2 f5 12. exf5 Nxf5 13. Nxf5 Bxf5 14. O-O Qd7 15. Bf3 Kh8 16. b3 Rae8 17. Re1 Rxe1+ 18. Qxe1 {0-1 (65) Nepomniachtchi,I (2714)-Kramnik,V (2760) Sochi 2014}) 11... f5 12. Qd2 Ne5 13. f4 N5g6 14. g3 fxe4 15. O-O-O a5 (15... Nf5 $142) 16. h4 ({Don't do} 16. Nxe4 $6 Nf5 $14) 16... Nf5 17. Nxf5 Bxf5 18. Bh3 (18. Be2 $16) 18... Bxh3 $11 19. Rxh3 Qd7 20. Rdh1 (20. Rh2 $11) 20... Ne7 $15 21. h5 Qc6 22. h6 {Black must now prevent hxg7.} g6 $1 23. Qd4 {[%csl Gh6][%cal Rd4g7]} Nf5 $36 {[%mdl 2048] White is under pressure.} 24. Qxe4 Rae8 25. Qd5+ (25. Qxc6 $15 bxc6 26. Kd2) 25... Qxd5 $17 26. Nxd5 Re4 (26... c6 $17 27. Nc3 Re3) 27. b3 {[#]} (27. g4 $15 Ne7 28. Rc3) 27... c6 $1 {[%cal Rc6d5]} 28. Nc3 Re3 29. g4 Rxh3 $2 (29... Ng3 $17 30. Nd1 Rf3) 30. Rxh3 {[%mdl 4096] Endgame KRN-KRN} Nd4 31. Re3 Rxf4 32. Re8+ Kf7 33. Rh8 b5 ({Better is} 33... g5 $11) 34. Rxh7+ Ke6 {[#]} (34... Kf6 $1 $14) 35. Rg7 ({White should play} 35. Rh8 $1 $16 Kf7 36. cxb5 cxb5 37. Ra8 Rf1+ 38. Kd2) 35... Rxg4 $11 36. h7 Rh4 37. cxb5 cxb5 38. Ne4 d5 39. Ng5+ Kf6 40. Rg8 Kxg5 41. h8=Q Rxh8 42. Rxh8 {aiming for Rd8. KR-KN} Kf4 43. Kd2 g5 44. Rd8 Nf3+ 45. Ke2 {Hoping for Rf8+.} Ke4 46. Re8+ Ne5 47. Ra8 d4 48. Rxa5 $2 {[%mdl 8192]} (48. Re8 $15) 48... d3+ $19 49. Kd1 g4 {...g3 is the strong threat.} 50. Rxb5 g3 51. Rb8 Ng4 $2 (51... g2 {mates} 52. Rg8 Kf3 53. Kd2 Ng4 54. Rf8+ Kg3 55. Rg8 g1=Q 56. Kxd3 Qc5 57. Rg7 Qf5+ 58. Kd2 Qe5 59. Rh7 Qe3+ 60. Kc2 Qe4+ 61. Kc3 Qxh7 62. Kc4 Qe4+ 63. Kb5 Ne5 64. Kc5 Qc6+ 65. Kd4 Nf3+ 66. Kd3 Qd5+ 67. Kc3 Qd4+ 68. Kc2 Qd2+ 69. Kb1 Nd4 70. a4 Qc2+ {[%mdl 64] Double Attack} 71. Ka1 Nxb3#) 52. Re8+ $1 $11 Kf4 {And now ...g2 would win.} (52... Kf3 $5 53. Rf8+ $8 Ke4 54. Re8+ Ne5 $11) 53. Kd2 $2 {[%mdl 8192]} (53. Rf8+ $11 Kg5 54. Rf3) 53... g2 {Black mates.} 54. Re1 Ne5 55. Kc3 Nf3 56. Rd1 Ke4 57. a4 g1=Q 58. Rxg1 Nxg1 59. a5 Ne2+ 60. Kd2 Nd4 61. a6 Nb5 {Av CentiPawn Loss W=-66/B=-34. Weighted=-64/-29} 0-1

[Event "GER-ch Youth U16 2020"]
[Site "Willingen"]
[Date "2020.10.24"]
[Round "7.11"]
[White "Khachatryan, Taron"]
[Black "Mainka, Alwin"]
[Result "1/2-1/2"]
[WhiteElo "2136"]
[BlackElo "1954"]
[Annotator "TA"]
[PlyCount "80"]
[EventDate "2020.10.20"]
[EventType "swiss"]
[EventRounds "7"]
[EventCountry "GER"]
[SourceTitle "playchess.com"]
[Source "ChessBase"]
[SourceQuality "1"]

{[%evp 16,80,27,25,16,19,8,0,0,-47,437,-202,427,-92,443,-127,547,-160,0,-202,338,359,379,-193,408,-157,896,243,549,-390,-84,-91,-79,-78,137,-77,-73,-102,-57,-104,516,-87,681,-60,568,-37,1781,550,1156,452,414,-83,441,-90,799,-71,933,522,1781,385,1062,-106,1047,-168,-168,-197,895]} 1. d4 Nf6 2. c4 g6 3. f3 d5 4. cxd5 Nxd5 5. e4 Nb6 6. Nc3 Bg7 7. Be3 O-O 8. Qd2 e5 9. d5 $1 c6 {D70: Grünfeld: Unusual White 3rd moves (met by ...d5).} 10. O-O-O cxd5 11. exd5 Na6 {The position is equal.} 12. Kb1 {[#]} Be6 $146 {[%mdl 8192] [#]} (12... Bf5+ $15 {stays ahead.} 13. Ne4 Nc7) ({Predecessor:} 12... Bd7 13. Ne4 f5 14. Bg5 Qb8 15. Nc3 Qd8 16. Ne4 Qb8 17. Nc3 Qd6 18. Bh6 Rac8 19. Bxg7 Kxg7 {1-0 (66) Jubin,J (2113)-Sammed Jaykumar,S (2375) New Delhi 2018}) 13. Ne4 $4 {[%mdl 8192]} (13. dxe6 $18 {and all is fine.} fxe6 14. Nh3) 13... Qd7 $4 {[%mdl 8192]} (13... Qxd5 14. b3 $17) (13... Bxd5 14. Bxa6 bxa6 15. Bc5 $17) (13... Nxd5 $19 14. Qe1 Rc8 15. Bxa6 bxa6) 14. Nh3 $2 (14. dxe6 $18 Qxe6 15. Nh3) 14... Rac8 $2 {[%mdl 8192]} (14... Qxd5 $17 15. b3 Qxd2 16. Bxd2 Rfd8) 15. Nhf2 $2 (15. dxe6 $18 Qxe6 16. Bxa6 bxa6 17. Bc5) 15... Rfd8 $2 {[%mdl 8192]} (15... Bxd5 16. Nc3 $11) (15... Nxd5 $17 16. Bxa6 bxa6) 16. g4 $2 (16. dxe6 $18 Qxd2 17. exf7+ Kxf7 18. Rxd2) 16... Qa4 $2 (16... Qxd5 17. Qxd5 Nxd5 18. Bxa6 $17) ({Better is} 16... Nxd5 $17 17. Bxa6 bxa6) 17. Bd3 $2 (17. dxe6 $11 {and White has nothing to worry.} Rxd2 18. exf7+ Kxf7 19. Rxd2) 17... Nb4 $4 {[%mdl 8192]} (17... Rxd5 18. b3 $17) (17... Nxd5 $19 18. Bg5 f6) 18. b3 $18 Qa3 19. Qb2 $4 {[%mdl 8192]} (19. dxe6 $18 {was the only winning move.} fxe6 20. Bxb6 axb6 21. Qb2) 19... Qa5 $4 {[%mdl 8192]} (19... Qxb2+ $19 20. Kxb2 N6xd5) 20. Bd2 $2 (20. dxe6 $18 fxe6 21. h4) 20... Qc5 $2 ({Not} 20... Bxd5 21. Be2 $11) (20... N6xd5 $17 21. Bc4 Qb6 22. Bxb4 Nxb4 23. Rxd8+ Rxd8 24. Bxe6 Qxe6) 21. Rc1 $2 (21. Nxc5 Nxd3 22. Ncxd3 (22. dxe6 Nxb2 23. Kxb2 Rxc5 $18) 22... Bxd5 23. Rc1) 21... Qxf2 $2 (21... Nxd3 {is a better chance.} 22. Rxc5 Nxb2) 22. Bxb4 $4 {[%mdl 8192]} (22. Nxf2 $18 {and life is good for White.} Nxd3 23. Nxd3) 22... Qe3 $2 (22... Qxf3 $19 {and Black stays clearly on top.} 23. Qe2 Qxe2 24. Bxe2 Bxd5) 23. Qd2 $17 Qxd2 24. Bxd2 Bf8 $2 (24... Nxd5 $17 {Threatens to win with ...Nc3+!} 25. Rxc8 Rxc8) 25. a4 $2 ({Don't take} 25. dxe6 $6 Rxd3 26. Rxc8 Nxc8 $16) (25. Rxc8 $16 Bxc8 26. Bg5 Rxd5 27. Nf6+ {[%mdl 64] Double Attack} Kg7 28. Nxd5 Nxd5 29. Bc1) 25... Rxc1+ 26. Kxc1 Rc8+ 27. Kd1 Nd7 $2 {[%mdl 8192]} (27... Nxd5 $17 {and life is bright. ...Nf4 is the strong threat.} 28. Ng5 Bd7) 28. Ke2 $2 (28. dxe6 $18 fxe6 29. Bc4) 28... f6 $2 {[%mdl 8192]} (28... Bxd5 $17 29. Bb5 Rc7) 29. a5 $2 (29. dxe6 $18 Nc5 30. Rc1) 29... Kf7 $2 {[%mdl 8192]} (29... Bxd5 $15 30. Bb5 Bc6 31. Bc4+ Kg7) 30. h4 $2 (30. dxe6+ $18 Kxe6 31. Bc4+ Rxc4 32. bxc4) 30... Bd6 $2 {[%mdl 8192]} (30... Bxd5 $15 31. b4 Bc4) 31. Rf1 (31. Nxd6+ $142 Kg7 32. dxe6) 31... Kg7 32. b4 (32. Nxd6 $142 Bxd5 33. Nxc8) 32... Be7 $18 33. Rg1 $2 (33. dxe6 $18 Nf8 34. f4 Nxe6 35. fxe5 fxe5 36. Ng5 Bxg5 37. hxg5) 33... Kf7 $2 {[%mdl 8192]} (33... Bxd5 $17 {keeps the pressure on.} 34. Ra1 Bf7) 34. g5 $2 (34. dxe6+ $18 Kxe6 35. h5) 34... Kg7 $2 {[%mdl 8192]} (34... Bxd5 $17 35. gxf6 Nxf6) 35. Rf1 $2 ({White must play} 35. dxe6 $18 Nf8 36. gxf6+ Bxf6 37. Nd6) 35... Rf8 $2 {[%mdl 8192]} (35... Bxd5 $17 36. Ra1 Be6 37. gxf6+ Nxf6 38. Nxf6 Kxf6) 36. Rc1 Bd6 37. Rc4 $2 (37. dxe6 Be7 {[#]} 38. Rc7 $1 {[%mdl 576] Double Attack, Pin}) 37... f5 $2 (37... Bxd5 38. Nxd6 Bxc4) 38. Be3 $2 ({White should play} 38. Nxd6 $18 Bxd5 39. Rc7 {[%mdl 64] Double Attack}) 38... a6 $2 {[%mdl 8192]} (38... fxe4 $17 39. Bxe4 Bh3 40. Bxa7 Ra8) 39. Bc5 $4 {[%mdl 8192]} (39. Nxd6 $18 Bxd5 40. Rc7 {[%mdl 64] Double Attack}) 39... fxe4 $19 40. Bxe4 Rc8 $4 {[%mdl 40960] White used his chance. Av CentiPawn Loss W=-489/B=-474. Weighted=-546/-566. An unexpected result.} (40... Nxc5 $19 41. bxc5 Bd7) 1/2-1/2